Bài tập hình học cao cấp

Сохранить в:
Библиографические подробности
Главный автор: NGUYỄN MÔNG HY
Формат:
Язык:Undetermined
Опубликовано: Hà Nội Giáo Dục 2001
Предметы:
Метки: Добавить метку
Нет меток, Требуется 1-ая метка записи!
Thư viện lưu trữ: Trung tâm Học liệu Trường Đại học Cần Thơ
LEADER 00491nam a2200169Ia 4500
001 CTU_47991
008 210402s9999 xx 000 0 und d
082 |a 516.0076 
082 |b H600 
100 |a NGUYỄN MÔNG HY 
245 0 |a Bài tập hình học cao cấp 
245 0 |c NGUYỄN MÔNG HY 
260 |a Hà Nội 
260 |b Giáo Dục 
260 |c 2001 
650 |a geometry - problems, exercises, etc. 
980 |a Trung tâm Học liệu Trường Đại học Cần Thơ